Biblioteca

Psicología pastoral para todos los cristianos (Registro nro. 39123)

Detalles MARC
000 -LÍDER
Campo fijo de descripción fija 01337aam a2200313 i 4500
001 - NÚMERO DE CONTROL
Campo de control 768714001
003 - IDENTIFICADOR DEL NÚMERO DE CONTROL
Campo de control CO-MdFUSB
005 - FECHA Y HORA DE LA ULTIMA TRANSACCIÓN
control field 20260116101945.0
007 - CAMPO FIJO DE DESCRIPCIÓN FIJA--INFORMACIÓN GENERAL
Campo fijo de descripción fija ta
008 - ELEMENTOS DE LONGITUD FIJA -- INFORMACIÓN GENERAL
Campo fijo de descripción fija -- Información general 260116t2000 ag |||| |||| 00| 0 spa d
020 ## - NÚMERO INTERNACIONAL NORMALIZADO PARA LIBROS
Número Internacional Normalizado del libro 987-9403-07-X
040 ## - FUENTE DE CATALOGACIÓN
Agencia que realiza la transcripción CO-MdFUSB
041 0# - CÓDIGO DE IDIOMA
Código de idioma para texto/pista de sonido o título separado spa
082 04 - NÚMERO DE CLASIFICACIÓN DECIMAL DEWEY
Número de la edición del Dewey 23
Número de clasificación 253.52
Clave de autor-Numero de item L563t
100 1# - ASIENTO PRINCIPAL--NOMBRE PERSONAL
Nombre personal León, Jorge A.
Término relacionador autor
245 10 - TÍTULO
Título del Material Psicología pastoral para todos los cristianos
Mención de responsabilidad, etc. / Jorge A. León
250 ## - MENCIÓN DE EDICIÓN
Mención de edición Décimo segunda edición corregida y aumentada
264 #1 - PRODUCCIÓN, PUBLICACIÓN, DISTRIBUCIÓN, MANUFACTURA, Y COPYRIGHT
Nombre del productor, publicador, distribuidor kairós,
Lugar de producción, publicación, distribución, manufactura Buenos Aires, Argentina :
Fecha de producción, publicación, distribución, manufactura, o copyright [2000]
264 #4 - PRODUCCIÓN, PUBLICACIÓN, DISTRIBUCIÓN, MANUFACTURA, Y COPYRIGHT
Fecha de producción, publicación, distribución, manufactura, o copyright ©2000
300 ## - DESCRIPCIÓN FÍSICA
Extensión 223 páginas
Dimensiones ; 21 cm
336 ## - TIPO DE CONTENIDO
Término de tipo de contenido texto
Código de tipo de contenido txt
Fuente rdacontent
337 ## - TIPO DE MEDIO
Fuente rdamedia
Nombre del tipo de medio sin mediación
Código del tipo de medio n
338 ## - TIPO DE SOPORTE
Fuente rdacarrier
Nombre del tipo de soporte volumen
Código Tipo de soporte nc
505 ## - NOTA DE CONTENIDO
Nota de contenido con formato preestablecido La posibilidad de conocer al ser humano. -- Conocer al ser humano como imagen de Dios. -- Conocerse a uno mismo por la dinámica de lo inconsciente. -- Conocerse a uno mismo por la dinámica de lo consciente. -- Conocer a uno mismo por la dinámica de la oración. -- ¿Cómo comprender a los demás? -- Jesús como modelo de pastor. -- El apóstol Pablo como pastor. -- La lectura de la Biblia. -- La técnica no directiva. -- La técnica directiva. -- Curaciones por la fe.
563 ## - NOTA DE ENCUADERNACIÓN
Nota de encuadernación Rústico
650 #0 - ASIENTO SECUNDARIO DE MATERIA - TERMINO TEMÁTICO
Término temático o nombre geográfico como elemento de entrada Psicología pastoral
9 (RLIN) 230
942 ## - TIPO DE MATERIAL (KOHA)
Tipo de Item KOHA Libros General
945 ## - INFORMACIÓN LOCAL DEL REGISTRO
Catalogador JTF-925
Existencias
Estado de Material Estado de Perdido Forma de Clasificación Estado de Dañado No para Préstamo Colección Tomo Biblioteca de Origen Biblioteca Permanente Fecha de Adquisición Total de Préstamos Total de Renovaciones Signatura Topográfica Código de Barras Última vez visto Última vez Préstado Ejemplar/Existencia Fecha de Remplazo Tipo de Material
    Dewey Decimal Classification     Colección General   Biblioteca FUSBC Biblioteca FUSBC 18/01/2005 2 2 G 253.52 L563t 11551 08/10/2024 22/08/2024 Ej. 1 26/01/2016 Libros General

Biblioteca FUSBC | Teléfono: (57+4) 349 88 10 Ext. 141| WhatsApp (+57) 3005338115 
E-mail: biblioteca@unisbc.edu.co | Calle 76 87-14 Robledo Palenque, Medellín, Colombia

Con tecnología Koha